Development Through Life (Record no. 710)

MARC details
000 -LEADER
fixed length control field 00291nam a2200109 4500
008 - FIXED-LENGTH DATA ELEMENTS--GENERAL INFORMATION
fixed length control field 160624b xxu||||| |||| 00| 0 eng d
100 ## - MAIN ENTRY--PERSONAL NAME
9 (RLIN) 895
Personal name Newman, B.M
245 ## - TITLE STATEMENT
Title Development Through Life
260 ## - PUBLICATION, DISTRIBUTION, ETC. (IMPRINT)
Place of publication, distribution, etc. Ill
Name of publisher, distributor, etc. The Dorsey Press
Date of publication, distribution, etc. 1979
300 ## - PHYSICAL DESCRIPTION
Extent Development Through Life
942 ## - ADDED ENTRY ELEMENTS (KOHA)
Source of classification or shelving scheme Dewey Decimal Classification
Koha item type BOOK
Holdings
Withdrawn status Lost status Source of classification or shelving scheme Damaged status Not for loan Home library Current library Shelving location Date acquired Total Checkouts Full call number Barcode Date last seen Price effective from Koha item type
    Dewey Decimal Classification     Good Samaritan School Library Good Samaritan School Library PSYCHOLOGY 06/24/2016   NEW150 NEW1438 06/24/2016 06/24/2016 Reference

Powered by Koha